Kanały TV w Naziemnej w Polsce - Statystyki

Ogólne statystyki
  • Ten quiz został rozwiązany 365 razy
  • Średni wynik to 18 z 45
Statystyki odpowiedzi
Hint Odpowiedź % Poprawnych
1 TVP1
98%
5 TVN
96%
2 TVP2
96%
4 Polsat
95%
3 TVP3
88%
8 TVN7
70%
34 TVP Info
64%
6 TV4
62%
32 TVP Sport
61%
7 TV Puls
58%
31 TVP Historia
55%
9 Puls 2
53%
29 TVP ABC
53%
30 TVP Kultura
51%
10 TV6
49%
13 TTV
47%
12 Eska TV
46%
14 Polo TV
44%
19 TVP Polonia
42%
16 TV Trwam
41%
17 Stopklatka
39%
11 Super Polsat
38%
27 TVP Rozrywka
36%
35 TVP Kobieta
30%
41 WP
30%
51 TV Republika
28%
18 Fokus TV
27%
39 Zoom TV
24%
15 Antena
23%
38 Metro
23%
40 Nowa TV
21%
20 TVP Nauka
18%
49 Wydarzenia 24
18%
24 TVP Dokument
17%
33 TVP World
15%
91 TVP World
15%
28 Alfa TVP
12%
94 TVP Kultura 2
12%
52 wPolsce24
12%
92 TVP Historia 2
11%
93 TVP ABC 2
10%
36 Biełsat TV
6%
88 TVP GO
6%
50 ViDoc TV
6%
95 UA: Perszyj
1%
Nie znaleziono quizów pasujących do podanych kryteriów
Rozkład punktacji
Procent ludzi z każdym wynikiem
Percentyl według liczby udzielonych odpowiedzi
Twoja historia wyników
Nie rozwiązałeś tego quizu